01838nam a2200421 a 4500001001200000003000800012006001900020007001500039008004100054020002100095020002300116040002100139035002000160043001200180050002500192245009300217246003800310246004000348260007900388300003900467500007400506500003000580500008700610504006400697533015200761650002600913650002500939650002700964650004800991650005801039650005801097650003801155650002501193655002901218700002601247710001701273856012601290ebr10116561CaPaEBRm u cr cn|||||||||990917s2000 nyuab sbs i001 0 eng d z0195211243 (pbk) z0195211251 (cloth) aCaPaEBRcCaPaEBR a(OCoLC)44954410 ad------14aHC59.7b.E558 2000eb00aEntering the 21st centuryh[electronic resource] :bWorld development report, 1999/2000.30aEntering the twenty-first century30aWorld development report, 1999/2000 aNew York :bPublished for the World Bank, Oxford University Press,cc2000. aix, 300 p. :bcol. ill., col. map. a"This report has been prepared by a team led by Shahid Yusuf"--P. iv. a"World Bank 2000"--Cover. aAccompanied by: Entering the 21st century summary. iv, 11 p. : ill. ; 27 cm. 2000. aIncludes bibliographical references (p. 190-211) and index. aElectronic reproduction.bPalo Alto, Calif. :cebrary,d2013.nAvailable via World Wide Web.nAccess may be limited to ebrary affiliated libraries. 0aEconomic development. 0aInternational trade. 0aInternational finance. 0aInvestments, ForeignzDeveloping countries. 0aDecentralization in governmentzDeveloping countries. 0aUrbanizationxEconomic aspectszDeveloping countries. 0aFree tradezDeveloping countries. 0aEconomic indicators. 7aElectronic books.2local1 aYusuf, Shahid,d1949-2 aebrary, Inc.40uhttp://site.ebrary.com/lib/rucke/Doc?id=10116561zAn electronic book accessible through the World Wide Web; click to view